| 000 | 01700cam a22004694i 4500 | ||
|---|---|---|---|
| 003 | PE-LiUPU | ||
| 005 | 20250731173305.0 | ||
| 008 | 150625s r 000 0 d | ||
| 020 | _a8476452969 | ||
| 035 | _a(Sirsi) i9788476452967 | ||
| 040 |
_aPE-LiUPU _bspa _cPE-LiUPU _erda |
||
| 049 | _aPRUA | ||
| 082 | 0 | 4 |
_a268 _bS17 _221 |
| 100 | 1 |
_aBerberián Saint, Martha de, _eautor. |
|
| 245 | 1 | 0 |
_aCómo enseñar con eficacia / _cMartha Saint de Berberían. |
| 264 | 1 |
_aBarcelona : _bClie, _c1988. |
|
| 300 |
_a189 páginas : _bilustraciones, figuras ; _c20 centímetros |
||
| 336 |
_atext _2rdacontent |
||
| 337 |
_aunmediated _2rdamedia |
||
| 338 |
_avolume _2rdacarrier |
||
| 504 | _aIncluye bibliográfia al pié de algunas páginas. | ||
| 505 | 0 | _aLa importancia de la educación cristiana. -Qué es, cómo se hace. -En acción: "Enseñando a través de los cinco sentidos". | |
| 526 | _aSEG42 | ||
| 526 | _aSEG41 | ||
| 526 | _aSEG40 | ||
| 526 | _aSEG39 | ||
| 526 | _aP94 | ||
| 526 | _aP87 | ||
| 526 | _aP86 | ||
| 526 | _aP85 | ||
| 526 | _aP77 | ||
| 526 | _aP76 | ||
| 526 | _aP35 | ||
| 541 | _g001-0014804; | ||
| 650 | 0 | 4 |
_aEducación cristiana _xMetodología. |
| 650 | 0 | 4 | _aEstudios bíblicos (Iglesia evangélica). |
| 942 |
_2ddc _cBOOK |
||
| 949 |
_a268 S17 _wDEWEY _c1 _i55781 _lCCODEBUL1 _mBUL _p3.00 _r0 _sY _tBOOK _u2015-6-25 _xTEOLOGIA _zUNKNOWN _0COMPRA _o.STAFF. Colección General |
||
| 994 |
_aC0 _bPEPRU |
||
| 596 | _a1 | ||
| 999 |
_a268 S17 _wDEWEY _c44654 _i55781 _d44654 _e2018-10-17 _f2021-11-10 _g5 _lCCODEBUL1 _mBUL _n2 _p3.00 _r0 _sY _tBOOK _u2015-6-25 _xTEOLOGIA _zUNKNOWN _0COMPRA _o.STAFF. Colección General |
||
| 980 |
_81 _gALBERTO SANCHEZ Responsable de Automatización |
||